000 00469nam a22001337a 4500
008 140923b xxu||||| |||| 00| 0 eng d
022 _a1022842X
050 _aKJE5461.B76(2006 pt.8/9A)
245 _aCourt of justice of the European communities 2006 pt.8/9A: reports of cases before the court of justice and the court of first instance. /
260 _aLuxembourg:
_bO.P.E.C.,
_c2006.
300 _axiv+ various paging.
_c23cm.
440 _nPart 8/9A
942 _2lcc
_cBK
999 _c5138
_d12638